000 01175nam a2200265 a 4500
001 BRCA_193
005 20190320202921.0
008 960229r19951839mx-a---##b---#001-0#spa-#
040 _aDLC
_cDLC
050 4 _aF1226
_b.B53 1995
100 1 _aMoxó, Benito María de
_d1763-1816
_9702
245 1 0 _aCartas mejicanas
_cBenito María de Moxó ; prólogo de Elías Trabulse ; presentación de Alejandro de Antuñano Maurer.
260 _aMéxico
_bBiblioteca Mexicana de la Fundación Miguel Alemán
_c1995
300 _alxxv, 415, 24 p.
_bil.
_c21 cm.
500 _aFacsímil de: Cartas mexicanas escritas por Maha de Moxó en 1805. Génura : D. Benito, 1839
500 _aIncluye índice onomástico
500 _aIncluye cinco grabados de la obra ´Entretenimientos de un prisionero en las provincias del Río de la plata´, Barcelona, 1828
504 _aBibliografía: p. 71-75
650 1 4 _aIndígenas de México
_xCultura y civilización
_9703
650 1 4 _aIndígenas de México
_xCronistas
_9704
651 4 _aMéxico
_xHistoria
_yColonia española, 1540-1810
_9394
700 1 _aTrabulse, Elías
_9546
700 1 _aAntuñano Maurer, Alejandro de
_9705
942 _2lcc
_cB
999 _c162
_d162